Pohjanmaan kuntien vaakunat 2025 (keltainen laatikko) - Statistics

Yleistilastot
  • Tätä visaa on pelattu 103 kertaa
    100 viimeisimmän päivityksen jälkeen
  • Keskiarvotulos 12 / 14
Vastaustilastot
Kuvavisa Vastaus % Oikein
Vaasa
96%
Uusikaarlepyy
94%
Laihia
91%
Kaskinen
89%
Pietarsaari
89%
Vöyri
89%
Kristiinankaupunki
87%
Kruunupyy
87%
Luoto
87%
Mustasaari
87%
Pedersöre
87%
Maalahti
85%
Närpiö
85%
Korsnäs
81%
Ehtoja vastaavia visoja ei löytynyt
Tulosjakauma
Jokaisen tuloksen saaneiden osuus
Persentiili vastausten määrän mukaan
Tuloshistoriasi
Et ole pelannut tätä visaa sen viimeisimmän päivityksen jälkeen